Những bài lượn trống trong tang lễ tộc người Tày trắng Hà Giang

محفوظ في:
التفاصيل البيبلوغرافية
التنسيق: كتاب
اللغة:Undetermined
منشور في: Hà Nội Đại học Quốc gia Hà Nội 2010
الموضوعات:
الوسوم: إضافة وسم
لا توجد وسوم, كن أول من يضع وسما على هذه التسجيلة!
Thư viện lưu trữ: Trung tâm Học liệu Trường Đại học Cần Thơ
LEADER 00603nam a2200169Ia 4500
001 CTU_164090
008 210402s9999 xx 000 0 und d
082 |a 398.8597 
082 |b Nh556 
245 0 |a Những bài lượn trống trong tang lễ tộc người Tày trắng Hà Giang 
245 0 |c Hoàng Thị Cấp ( sưu tầm và dịch ) 
260 |a Hà Nội 
260 |b Đại học Quốc gia Hà Nội 
260 |c 2010 
650 |a Folk-song, Vietnamese,Ca dao Việt Nam 
904 |i Qhieu 
980 |a Trung tâm Học liệu Trường Đại học Cần Thơ